Immagini dell'arte italiana attraverso i secoli. Vol. III (Record n. 76946)
[ formato base ]
| 000 -LEADER | |
|---|---|
| fixed length control field | 02253nam a2200289Ia 4500 |
| 001 - CONTROL NUMBER | |
| control field | K0626 |
| 003 - CONTROL NUMBER IDENTIFIER | |
| control field | IT-RoPAU |
| 008 - FIXED-LENGTH DATA ELEMENTS--GENERAL INFORMATION | |
| fixed length control field | 130308s9999 xx 000 0 und d |
| 040 ## - CATALOGING SOURCE | |
| Original cataloging agency | IT-RoPAU |
| 040 ## - CATALOGING SOURCE | |
| Transcribing agency | IT-RoPAU |
| 041 ## - LANGUAGE CODE | |
| Language code of text/sound track or separate title | ITALIANO |
| 100 ## - MAIN ENTRY--PERSONAL NAME | |
| Personal name | Bovero Anna |
| 100 ## - MAIN ENTRY--PERSONAL NAME | |
| Miscellaneous information | Codice Aut. SPICS: 8893 |
| 245 ## - TITLE STATEMENT | |
| Title | Immagini dell'arte italiana attraverso i secoli. Vol. III |
| 245 ## - TITLE STATEMENT | |
| Remainder of title | Immagini dell'arte Italiana Attraverso I Secoli. Vol. III |
| 250 ## - EDITION STATEMENT | |
| Edition statement | 1a ed. |
| 260 ## - PUBLICATION, DISTRIBUTION, ETC. (IMPRINT) | |
| Place of publication, distribution, etc. | TORINO |
| 260 ## - PUBLICATION, DISTRIBUTION, ETC. (IMPRINT) | |
| Name of publisher, distributor, etc. | UTET |
| 260 ## - PUBLICATION, DISTRIBUTION, ETC. (IMPRINT) | |
| Date of publication, distribution, etc. | 1965 [1° Ed.:1965 - Ed.Ling.Originale:1965] |
| 300 ## - PHYSICAL DESCRIPTION | |
| Extent | "369 p. (prefazione: 11; testo: 358 [pagine: 0-0])" |
| 500 ## - GENERAL NOTE | |
| General note | "Vicende Artistiche Secondo '300 in toscana e Italia del nord Fioritura gotico Internazionale: Cangrande della Scala; Antonio Fissariga; Battistero, Bergamo; Abbazia, Viboldone; Abbazia, Chiaravalle; Storie S. Caterina; tommaso da Modena; gerarchie Angeliche; Tradizione bizantina e Primi influssi Gotici a Venezia; Lorenzo Veneziano; Arte in toscana seconda Metà '300; Nono Pisano; Giottino; Giovanni da Milano; Agnolo Gaddi; Gentile da Fabriano; Lorenzo Monaco; Michelino da Besozzo; Michele Giambono; Antonio Vivarini; Ecc. Primo '400 Fiorentino: Brunelleschi e Donatello; Jacopo della Quercia; Masaccio; Lorenzo Ghiberti; Masolino da Panicale; Filippo Lippi; Luca della Robbia; Jacopo della Quercia; Beato Angelico; Bernardo Rossellino; Sassetta; Leon Battista Alberti; Agostino di Duccio; Andrea Mantegna; Andrea del Castagno; Bertoldo di Giovanni; Ecc. Fioritura Artistica presso corti nel Secondo '400: Benozzo Gozzoli; Antonio del Pollaiolo; Paolo Uccello; Desiderio da Settignano; Francesco di Giorgio Martini; Antonio Rossellino; Luciano Laurana; Cosme' Tura; Francesco del Cossa; Ercole De' Roberti; Antonello da Messina; Ecc. Venezia nel '400: Antonio da Negroponte; Giambino; Jacopo, Giovanni, Gentile Bellini; Bartolomeo Vivarini; Carlo Crivelli; Mauro Codussi; Ecc. Continuità di Tradizione e Germi rinnovamento ultimo '400 tra Fi Mi. D" |
| 650 ## - SUBJECT ADDED ENTRY--TOPICAL TERM | |
| Topical term or geographic name as entry element | ENCICLOPEDIE DELLE ARTI VISIVE |
| 650 ## - SUBJECT ADDED ENTRY--TOPICAL TERM | |
| Relator term | Codice materia Spics: 5001 |
| 942 ## - ADDED ENTRY ELEMENTS (KOHA) | |
| Koha item type | LIBRO |
| 957 ## - | |
| -- | 1 |
| 999 ## - SYSTEM CONTROL NUMBERS (KOHA) | |
| -- | 1 |
| Withdrawn status | Lost status | Damaged status | Not for loan | Home library | Current library | Date acquired | Total Checkouts | Full call number | Date last seen | Price effective from | Koha item type | Public note |
|---|---|---|---|---|---|---|---|---|---|---|---|---|
| Buone Condizioni | Not For Loan | SPICS-MEDIATECA | SPICS-MEDIATECA | 08/03/2013 | K0626 | 08/03/2013 | 08/03/2013 | LIBRO | Progressivo inserimento: 21273 / N. Volumi: 1 Copie: 1 / data import: 1 marzo 2013 - By Epidotti, Trombetti, Vaglietti. |